| 000 | 00740nas a2200217 i 4500 | ||
|---|---|---|---|
| 001 | 173358 | ||
| 003 | ES-MaACL | ||
| 005 | 20250217134849.0 | ||
| 008 | 091127d19501986pr a| b | b||pa d | ||
| 022 | _a9934-1131 | ||
| 040 |
_aSpMaBA _bspa |
||
| 080 | _a016(729.5) | ||
| 245 | 0 | 0 |
_aAnuario bibliográfico puertorriqueño _b: índice alfabético de libros, folletos, revistas y periódicos publicados en Puerto Rico durante... / _ccompilado por Gonzalo Velázquez. |
| 260 |
_aRío Piedrass : _bEditorial Universitaria, _c[1950-1982] |
||
| 300 |
_a199 p. ; _c24 cm. |
||
| 362 | 0 | _a[1948-1973/1974] | |
| 651 | 4 |
_aPuerto Rico- _vBibliografías. _9148001 |
|
| 852 |
_aES-MaACL _jC-56977 |
||
| 866 | 0 | _o1954. | |
| 999 |
_c173358 _d173358 |
||